Statistics of Income for 1941, Part II, Compiled from Corporation Income, Declared Value Excess-Profits, and Defense Tax Returns, Corporation Excess Profits Tax Returns, and Personal Holding Company Returns, Prepared Under Direction of the Commissioner of Internal Revenue by the Statistical Section, Income Tax Unit.

Bibliographic Details
Corporate Author: United States. Bureau of Internal Revenue
Format: Government Document eBook
Language:English
Published: [Washington] : [s.n.], 1944.
Subjects:
Online Access:Electronic resource (PDF)

MARC

Tag First Indicator Second Indicator Subfields
LEADER 00000cam a22000001i 4500
001 in00003950430
006 m d f
007 cr bn mmmapmmp
008 441025s1944 dcu o f000 0 eng d
005 20250211001823.0
035 |a ebd1943004075 
040 |a UMI  |c UMI  |e rda  |d UtOrBLW 
086 0 |a T 22.35:941/2/pt.2 
099 |a T22.35..941_2_pt.2 
110 1 |a United States.  |b Bureau of Internal Revenue.  |0 http://id.loc.gov/authorities/names/n83143087 
245 1 0 |a Statistics of Income for 1941, Part II, Compiled from Corporation Income, Declared Value Excess-Profits, and Defense Tax Returns, Corporation Excess Profits Tax Returns, and Personal Holding Company Returns, Prepared Under Direction of the Commissioner of Internal Revenue by the Statistical Section, Income Tax Unit. 
264 1 |a [Washington] :  |b [s.n.],  |c 1944. 
300 |a 1 online resource (iv-371 pages), digital, PDF file 
336 |a text  |b txt  |2 rdacontent 
337 |a computer  |b c  |2 rdamedia 
338 |a online resource  |b cr  |2 rdacarrier 
500 |a Includes tables. 
533 |a Electronic reproduction.  |b [Bethesda, Md.] :  |c ProQuest,  |d 2016  |e digital, PDF file.  |n ProQuest U.S. Executive Branch Documents  |n Mode of access: World Wide Web via ProQuest website. 
588 |a Record is based on online resource; title from PDF title page (ProQuest, last viewed Nov. 2016). Reuse except for individual research requires license from ProQuest, LLC. 
650 0 |a Taxation.  |0 http://id.loc.gov/authorities/subjects/sh85132846 
650 0 |a Revenue.  |0 http://id.loc.gov/authorities/subjects/sh85113422 
650 0 |a Income.  |0 http://id.loc.gov/authorities/subjects/sh85064759 
650 0 |a Finance  |v Statistics.  |0 http://id.loc.gov/authorities/subjects/sh85048261 
856 4 0 |u http://proxy.library.tamu.edu/login?url=http://congressional.proquest.com/congressional/docview/t66.d71.t22.35..941_2_pt.2?  |y Electronic resource (PDF)  |t 0 
999 f f |s 91363f05-f514-3c4f-bbaa-e438e9f0f2c7  |i 63217185-c977-3492-b051-8b0016747d8e  |t 0 
952 f f |a Texas A&M University  |b College Station  |c Electronic Resources  |d Available Online  |t 0  |h No information provided 
998 f f |t 0  |l Available Online